[Event "St Petersburg-ch (Women)"]
[Site "St Petersburg"]
[Date "2002.04.17"]
[Round "2"]
[White "Polpur, Elena"]
[Black "Rakitskaja, Mariya"]
[Result "0-1"]
[WhiteElo "2063"]
[BlackElo "2170"]
[PlyCount "62"]
[EventDate "2002.04.16"]
[EventType "tourn"]
[EventRounds "11"]
[EventCountry "RUS"]
[SourceTitle "CBM 087 Extra"]
[Source "ChessBase"]
[SourceDate "2002.05.03"]
[SourceVersion "2"]
[SourceVersionDate "2002.08.09"]
[SourceQuality "1"]

1. d4 Nf6 2. Nf3 e6 3. g3 b6 4. Bg2 Bb7 5. 0-0 c5 6. c4 cxd4 7. Qxd4 Bc5 8. Qd1 0-0 9. Nc3 Be7 10. Bf4 Na6 11. Nb5 d5 12. Ne5 Nc5 13. Rc1 a6 14. Nd4 Rc8 15. Nb3 Nxb3 16. Qxb3 dxc4 17. Nxc4 Bxg2 18. Kxg2 Qd5+ 19. Kg1 b5 20. Nd2 Qh5 21. Nf3 Ng4 22. Kg2 e5 23. Qd5 Rcd8 24. Qb7 Rfe8 25. h3 exf4 26. hxg4 Qxg4 27. Rc7 Bd6 28. Rxf7 fxg3 29. e3 gxf2+ 30. Kxf2 Bg3+ 31. Ke2 Qc4# 0-1